00399nam a2200133Ia 4500008004100000245003100041260002500072260000900097300003100106440008500137650002000222650000900242650001400251190423s9999 xx 000 0 und d a4 steps to a better brain/ bReader's Digest Asia c2018 aPages 62-69, December 2018 aAsia Reader's Digest: William Shakespeare Centuries of Shaping Languagev114:670 aCognitive skill aMind aWellbeing